000 00498nam a22001937a 4500
003 NUST - PNEC
005 20170116180755.0
008 150401b xxu||||| |||| 00| 0 eng d
022 _29780070525856
040 _cLIBRARY
082 _a355.02 MOR
100 _92003
_aMorillo, Stephen
245 _aWar in world history
_cMorillo, Stephen
250 _a-
260 _aMc Graw Hill
_bNew York
_cC 2009
300 _a607 . :
650 _92004
_aWar In World History
_xGernal
942 _2ddc
_cBK
999 _c62702
_d62702